000 00853nam a2200277 a 4500
001 BRL_1694
005 20190320211327.0
008 300414s1989----mx-a######---#000-0#spa-#
020 _a9686354700
041 _aspa
044 _amx
050 4 _aBF1566
_b.D66 1989
100 1 _aFrank, Donovan
_d1906-
_927648
245 1 0 _aHistoria de la brujería
_cFrank Donova ; traductor Francisco Torres Oliver.
260 _aMéxico
_bEditorial Alianza Mexicana
_c1989
300 _a240 p.
_bil.
_c18 cm.
440 0 _aEl libro de bolsillo. Seccion humanidades
_v681
_927649
500 _aAu2120
500 _aTraducción de: Never on a broomstick.
504 _aBibliografía: p. 7-8
650 1 4 _aBrujería
_xHistoria
_927650
650 1 4 _aMagia
_xHistoria
_927651
700 1 _aTorres Oliver, Francisco
_eil.
_927652
902 _aGRL
942 _2lcc
_cB
999 _c10502
_d10502